000 00597nam a2200193Ia 4500
008 090124s9999 xx 000 0 und d
020 _a978-81-7766-951-0
082 _b46827
100 _aआपराद आशा
245 _a भोगले जे दु:ख त्याला....
250 _a1
260 _c2008
300 _a273+02
600 _aआपराद आशा
630 _a भोगले जे दु:ख त्याला....
700 _aआपराद आशा
730 _a भोगले जे दु:ख त्याला....
942 _cBOOK
999 _c113053
_d113053